[Event "SWE-ch 2018"]
[Site "Ronneby"]
[Date "2018.07.06"]
[Round "7"]
[White "Hillarp Persson, Tiger"]
[Black "Tikkanen, Hans"]
[Result "1-0"]
[WhiteElo "2534"]
[BlackElo "2495"]
[Annotator "ChessBase"]
[PlyCount "115"]
[EventDate "2018.06.30"]
[EventType "tourn"]
[EventCountry "SWE"]
[SourceTitle "playchess.com"]
[Source "ChessBase"]
[SourceQuality "1"]
[TimeControl "40/5400+30:1800+30"]

1. d4 {[%emt 0:00:33]} Nf6 {[%emt 0:00:00]} 2. Nf3 {[%emt 0:00:17]} g6 {[%emt 0:00:00]} 3. c4 {[%emt 0:01:39]} Bg7 {[%emt 0:00:07]} 4. Nc3 {[%emt 0:00:07]} d6 {[%emt 0:01:42]} 5. h3 {[%emt 0:03:09]} Nbd7 {[%emt 0:03:38]} 6. Bf4 {[%emt 0:02:21]} O-O {[%emt 0:02:41]} 7. e3 {[%emt 0:00:18]} a6 {[%emt 0:20:16]} 8. Be2 {[%emt 0:06:23]} c6 {[%emt 0:20:45]} 9. a4 {[%emt 0:03:24]} a5 {[%emt 0:13:41]} 10. O-O {[%emt 0:04:10]} Ne8 {[%emt 0:00:07]} 11. Qd2 {[%emt 0:09:59]} Nc7 {[%emt 0:00:39]} 12. Rad1 {[%emt 0:13:53]} Qe8 {[%emt 0:03:19]} 13. Bh2 {[%emt 0:08:34]} Na6 {[%emt 0:15:20]} 14. Rfe1 {[%emt 0:03:18]} e5 {[%emt 0:03:15]} 15. c5 {[%emt 0:24:01]} dxc5 {[%emt 0:02:32]} 16. Bxa6 {[%emt 0:02:31]} Rxa6 {[%emt 0:00:40]} 17. Ne4 {[%emt 0:04:35]} Qe7 {[%emt 0:02:05]} 18. dxe5 {[%emt 0:02:02]} Nxe5 {[%emt 0:00:25]} 19. Nxe5 {[%emt 0:00:19]} Bxe5 {[%emt 0:00:04]} 20. Bxe5 {[%emt 0:00:09]} Qxe5 {[%emt 0:00:09]} 21. Nd6 {[%emt 0:00:06]} Qe7 {[%emt 0:03:34]} 22. e4 {[%emt 0:01:11]} Be6 {[%emt 0:00:41]} 23. Qe3 {[%emt 0:01:40]} b6 {[%emt 0:00:49]} 24. e5 {[%emt 0:04:35]} Bd5 {[%emt 0:00:37]} 25. f4 {[%emt 0:00:41]} f5 {[%emt 0:04:23]} 26. Rxd5 {[%emt 0:01:05]} cxd5 {[%emt 0:00:01]} 27. Qd3 {[%emt 0:00:09]} Ra7 {[%emt 0:00:49]} 28. Qxd5+ {[%emt 0:00:06]} Kg7 {[%emt 0:00:41]} 29. Qc6 {[%emt 0:00:13]} Rb8 {[%emt 0:00:47]} 30. Nc8 {[%emt 0:00:27]} Qh4 {[%emt 0:00:42]} 31. Qf6+ {[%emt 0:00:09]} Qxf6 {[%emt 0:00:09]} 32. exf6+ {[%emt 0:00:06]} Kxf6 {[%emt 0:00:05]} 33. Nxa7 {[%emt 0:00:07]} Rd8 {[%emt 0:00:06]} 34. Nb5 {[%emt 0:00:21]} Rd2 {[%emt 0:00:10]} 35. Nc3 {[%emt 0:01:56]} Rxb2 {[%emt 0:00:23]} 36. Nd5+ {[%emt 0:00:20]} Kf7 {[%emt 0:00:13]} 37. Re7+ {[%emt 0:00:07]} Kf8 {[%emt 0:01:06]} 38. Rb7 {[%emt 0:02:06]} c4 {[%emt 0:00:28]} 39. Rc7 {[%emt 0:01:14]} b5 {[%emt 0:00:40]} 40. axb5 {[%emt 0:00:14]} Rxb5 {[%emt 0:01:09]} 41. Ne3 {[%emt 0:30:12]} Rb3 {[%emt 0:03:10]} 42. Kf2 {[%emt 0:00:00]} c3 {[%emt 0:00:39]} 43. Nd1 {[%emt 0:00:00]} Rb1 {[%emt 0:04:02]} 44. Nxc3 {[%emt 0:00:00]} Rc1 {[%emt 0:00:44]} 45. Rc5 {[%emt 0:00:00]} Rc2+ {[%emt 0:11:23]} 46. Kf3 {[%emt 0:00:00]} Kg7 {[%emt 0:00:11]} 47. Na4 {[%emt 0:00:00]} Rxc5 {[%emt 0:03:06]} 48. Nxc5 {[%emt 0:00:00]} Kh6 {[%emt 0:02:11]} 49. Ke3 {[%emt 0:00:00]} Kh5 {[%emt 0:03:39]} 50. g3 {[%emt 0:00:00]} g5 {[%emt 0:01:30]} 51. Kd4 {[%emt 0:00:00]} gxf4 {[%emt 0:05:00]} 52. gxf4 {[%emt 0:00:00]} Kh4 {[%emt 0:00:05]} 53. Ke5 {[%emt 0:00:00]} Kxh3 {[%emt 0:00:38]} 54. Kxf5 {[%emt 0:00:00]} Kg3 {[%emt 0:00:22]} 55. Ke5 {[%emt 0:00:00]} h5 {[%emt 0:00:27]} 56. f5 {[%emt 0:00:00]} h4 {[%emt 0:00:54]} 57. Ne4+ {[%emt 0:00:00]} Kg2 {[%emt 0:00:40]} 58. f6 {[%emt 0:00:00]} 1-0

[Event "SWE-ch 2018"]
[Site "Ronneby"]
[Date "2018.07.06"]
[Round "7"]
[White "Blomqvist, Erik"]
[Black "Von Bahr, Oskar"]
[Result "1-0"]
[WhiteElo "2505"]
[BlackElo "2434"]
[Annotator "ChessBase"]
[PlyCount "37"]
[EventDate "2018.06.30"]
[EventType "tourn"]
[EventCountry "SWE"]
[SourceTitle "playchess.com"]
[Source "ChessBase"]
[SourceQuality "1"]
[TimeControl "40/5400+30:1800+30"]

1. e4 {[%emt 0:00:00]} e5 {[%emt 0:00:00]} 2. Nf3 {[%emt 0:00:00]} Nc6 {[%emt 0:00:00]} 3. Bb5 {[%emt 0:00:01]} a6 {[%emt 0:00:00]} 4. Ba4 {[%emt 0:00:05]} Nf6 {[%emt 0:00:00]} 5. O-O {[%emt 0:00:18]} Be7 {[%emt 0:00:08]} 6. d3 {[%emt 0:00:07]} b5 {[%emt 0:00:24]} 7. Bb3 {[%emt 0:00:07]} O-O {[%emt 0:00:29]} 8. Nc3 {[%emt 0:01:22]} d6 {[%emt 0:00:13]} 9. a3 {[%emt 0:00:10]} Rb8 {[%emt 0:01:51]} 10. Be3 {[%emt 0:12:18]} Na5 {[%emt 0:01:12]} 11. Ba2 {[%emt 0:01:33]} c5 {[%emt 0:00:08]} 12. Nd5 {[%emt 0:01:20]} c4 {[%emt 0:00:56]} 13. Nxe7+ {[%emt 0:18:09]} Qxe7 {[%emt 0:00:31]} 14. Qd2 {[%emt 0:00:27]} Nc6 {[%emt 0:01:15]} 15. h3 {[%emt 0:06:05]} Be6 {[%emt 0:08:45]} 16. Ng5 {[%emt 0:07:22]} d5 {[%emt 0:11:13]} 17. Nxe6 {[%emt 0:06:05]} fxe6 {[%emt 0:00:16]} 18. Rae1 {[%emt 0:03:00]} Nh5 {[%emt 0:11:07]} 19. exd5 1-0

[Event "SWE-ch 2018"]
[Site "Ronneby"]
[Date "2018.07.06"]
[Round "7"]
[White "Hector, Jonny"]
[Black "Grandelius, Nils"]
[Result "1/2-1/2"]
[WhiteElo "2499"]
[BlackElo "2668"]
[Annotator "TA"]
[PlyCount "81"]
[EventDate "2018.06.30"]
[EventType "tourn"]
[EventCountry "SWE"]
[SourceTitle "playchess.com"]
[Source "ChessBase"]
[SourceQuality "1"]

{[%evp 23,81,-2,-4,-3,0,0,0,0,28,20,20,20,28,8,9,-17,-10,-14,-15,0,-14,-55,-55,-34,8,4,66,73,179,160,137,95,101,91,86,97,98,33,33,36,33,2,25,25,16,16,55,8,8,8,9,0,0,0,0,0,0,0,0,-13]} 1. e4 e5 2. Nf3 Nc6 3. Bc4 Nf6 4. d4 exd4 5. O-O Nxe4 6. Re1 d5 7. Bxd5 Qxd5 8. Nc3 Qd7 9. Nxe4 Be7 10. Bg5 O-O 11. Bxe7 Qxe7 12. Nxd4 {C56: Zweispringerspiel} Bd7 {LiveBook: 5 Partien} 13. Nc3 Qd8 $146 ({Vorgänger:} 13... Qc5 14. Nb3 Qf5 15. Nc5 Qxc5 16. Qxd7 Nd4 17. Na4 Qc4 {½-½ (17) Keller,H (2442)-Haugen,A (2467) ICCF 2014}) 14. Nb3 {[%cal Bd4b3,Bb3d2,Bd2f3,Bf3e5][%mdl 32]} Bf5 15. Qe2 Qg5 16. Qb5 Rab8 17. Nd5 h6 18. f4 Qh4 19. Nd2 Rfe8 20. Nf3 Rxe1+ 21. Rxe1 Qd8 $1 22. c4 Qd6 23. Ne5 {Sxc6 ist eine echte Drohung.} Nd4 24. Qa5 c6 ({Besser ist} 24... Rd8 $11) 25. Qxa7 $14 c5 {[#]} (25... Nc2 $16 26. Nxc6 (26. Ne7+ Qxe7 27. Qxb8+ Kh7 $16) 26... bxc6 27. Ne7+ Kh7 28. Nxf5 Qg6) 26. b4 $1 $18 {[%cal Rb4c5]} f6 27. bxc5 Qf8 28. Ne7+ Kh7 29. Nxf5 {Und Sd7 würde nun gewinnen.} fxe5 {[#]} 30. Nxd4 ({Aber nicht} 30. Rxe5 $2 Nc6 $19) (30. Nd6 $1 $16) 30... exd4 $16 {[%mdl 4096] Endspiel KDT-KDT} 31. Qb6 Qxf4 32. Qd6 Rf8 {( -> ...Df2+)} (32... Qd2 {keeps more tension.} 33. Qe5 Rf8 34. Qe2 Qc3 35. Rd1 Qe3+) 33. Qxf4 Rxf4 $11 {KT-KT} 34. g3 Rg4 35. Rd1 d3 {Die Stellung ist ausgeglichen.} 36. Rxd3 {und nun wäre c6 stark für Weiss.} Rxc4 37. Rb3 Rxc5 38. Rxb7 Rc1+ 39. Kg2 Rc2+ 40. Kf3 Rxa2 41. Ke4 {Precision: Weiß = 50%, Schwarz = 58%.} 1/2-1/2

[Event "SWE-ch 2018"]
[Site "Ronneby"]
[Date "2018.07.06"]
[Round "7"]
[White "Cramling, Pia"]
[Black "Westerberg, Jonathan"]
[Result "1/2-1/2"]
[WhiteElo "2452"]
[BlackElo "2517"]
[Annotator "ChessBase"]
[PlyCount "79"]
[EventDate "2018.06.30"]
[EventType "tourn"]
[EventCountry "SWE"]
[SourceTitle "playchess.com"]
[Source "ChessBase"]
[SourceQuality "1"]
[TimeControl "40/5400+30:1800+30"]

1. Nf3 {[%emt 0:00:00]} Nf6 {[%emt 0:01:16]} 2. c4 {[%emt 0:00:00]} b6 {[%emt 0:00:50]} 3. g3 {[%emt 0:03:18]} Bb7 {[%emt 0:00:49]} 4. Bg2 {[%emt 0:00:33]} g6 {[%emt 0:01:15]} 5. d4 {[%emt 0:02:33]} e6 {[%emt 0:02:12]} 6. O-O {[%emt 0:07:36]} Bg7 {[%emt 0:00:04]} 7. Nc3 {[%emt 0:00:49]} Ne4 {[%emt 0:01:21]} 8. Nxe4 {[%emt 0:00:34]} Bxe4 {[%emt 0:00:07]} 9. Bg5 {[%emt 0:00:07]} f6 {[%emt 0:00:18]} 10. Be3 {[%emt 0:00:27]} Nc6 {[%emt 0:00:03]} 11. d5 {[%emt 0:05:28]} Ne7 {[%emt 0:00:16]} 12. dxe6 {[%emt 0:14:43]} dxe6 {[%emt 0:00:05]} 13. Qxd8+ {[%emt 0:00:46]} Rxd8 {[%emt 0:07:49]} 14. Rfd1 {[%emt 0:01:09]} O-O {[%emt 0:06:01]} 15. Nd4 {[%emt 0:03:56]} Bxg2 {[%emt 0:00:09]} 16. Kxg2 {[%emt 0:00:08]} Kf7 {[%emt 0:00:19]} 17. Nb5 {[%emt 0:02:25]} f5 {[%emt 0:02:32]} 18. Rab1 {[%emt 0:04:55]} Be5 {[%emt 0:13:36]} 19. Nxa7 {[%emt 0:04:26]} Rxd1 {[%emt 0:00:27]} 20. Rxd1 {[%emt 0:00:05]} Ra8 {[%emt 0:00:42]} 21. Nb5 {[%emt 0:00:29]} Rxa2 {[%emt 0:00:50]} 22. Rd2 {[%emt 0:04:43]} c6 {[%emt 0:18:20]} 23. Nd4 {[%emt 0:01:18]} Bg7 {[%emt 0:05:08]} 24. Nf3 {[%emt 0:04:11]} h6 {[%emt 0:00:43]} 25. Bxb6 {[%emt 0:09:40]} Rxb2 {[%emt 0:00:21]} 26. Rxb2 {[%emt 0:00:08]} Bxb2 {[%emt 0:00:04]} 27. Bc7 {[%emt 0:01:07]} Kf6 {[%emt 0:02:49]} 28. Ne1 {[%emt 0:00:40]} e5 {[%emt 0:01:25]} 29. Nd3 {[%emt 0:00:08]} Bc3 {[%emt 0:00:46]} 30. f3 {[%emt 0:00:28]} Bd4 {[%emt 0:03:07]} 31. e3 {[%emt 0:06:57]} Bxe3 {[%emt 0:01:04]} 32. Bxe5+ {[%emt 0:00:06]} Ke6 {[%emt 0:00:38]} 33. Kf1 {[%emt 0:01:15]} Nc8 {[%emt 0:04:40]} 34. Ke2 {[%emt 0:01:39]} Bg1 {[%emt 0:09:15]} 35. Kf1 {[%emt 0:00:16]} Bb6 {[%emt 0:05:04]} 36. Bg7 {[%emt 0:03:39]} h5 {[%emt 0:00:02]} 37. Nb4 {[%emt 0:04:18]} Kd7 {[%emt 0:05:40]} 38. Nd3 {[%emt 0:02:11]} Ke6 {[%emt 0:01:07]} 39. Nb4 {[%emt 0:00:33]} Kd6 {[%emt 0:01:39]} 40. Nd3 {[%emt 0:01:36] Ke5} 1/2-1/2

[Event "SWE-ch 2018"]
[Site "Ronneby"]
[Date "2018.07.06"]
[Round "7"]
[White "Seo, Jung Min"]
[Black "Smith, Axel"]
[Result "1/2-1/2"]
[WhiteElo "2347"]
[BlackElo "2491"]
[Annotator "ChessBase"]
[PlyCount "101"]
[EventDate "2018.06.30"]
[EventType "tourn"]
[EventCountry "SWE"]
[SourceTitle "playchess.com"]
[Source "ChessBase"]
[SourceQuality "1"]
[TimeControl "40/5400+30:1800+30"]

1. e4 {[%emt 0:00:00]} e6 {[%emt 0:00:00]} 2. d4 {[%emt 0:00:49]} d5 {[%emt 0:00:00]} 3. exd5 {[%emt 0:03:02]} exd5 {[%emt 0:00:00]} 4. Bf4 {[%emt 0:00:18]} Nf6 {[%emt 0:07:25]} 5. Nf3 {[%emt 0:01:47]} Bd6 {[%emt 0:09:19]} 6. Bxd6 {[%emt 0:04:15]} Qxd6 {[%emt 0:00:04]} 7. c3 {[%emt 0:00:21]} O-O {[%emt 0:00:11]} 8. Be2 {[%emt 0:00:07]} Nc6 {[%emt 0:12:41]} 9. O-O {[%emt 0:01:36]} Bf5 {[%emt 0:08:00]} 10. Bd3 {[%emt 0:16:46]} Be4 {[%emt 0:01:15]} 11. Bb5 {[%emt 0:04:25]} a6 {[%emt 0:10:44]} 12. Bxc6 {[%emt 0:00:20]} Bxf3 {[%emt 0:00:10]} 13. Qxf3 {[%emt 0:00:16]} Qxc6 {[%emt 0:00:02]} 14. Nd2 {[%emt 0:05:00]} Rae8 {[%emt 0:00:03]} 15. Qd3 {[%emt 0:01:46]} Re6 {[%emt 0:05:08]} 16. Rfe1 {[%emt 0:00:56]} Rfe8 {[%emt 0:00:16]} 17. Rxe6 {[%emt 0:05:03]} Qxe6 {[%emt 0:00:17]} 18. Kf1 {[%emt 0:02:50]} g5 {[%emt 0:09:42]} 19. h3 {[%emt 0:05:12]} h5 {[%emt 0:04:19]} 20. Kg1 {[%emt 0:26:30]} g4 {[%emt 0:00:15]} 21. hxg4 {[%emt 0:01:35]} hxg4 {[%emt 0:07:30]} 22. Qg3 {[%emt 0:07:02]} Qf5 {[%emt 0:04:32]} 23. Nf1 {[%emt 0:01:19]} Re2 {[%emt 0:05:36]} 24. Ne3 {[%emt 0:00:22]} Qg5 {[%emt 0:00:25]} 25. Rb1 {[%emt 0:01:15]} c6 {[%emt 0:05:56]} 26. Kf1 {[%emt 0:03:03]} Rd2 {[%emt 0:00:03]} 27. Ke1 {[%emt 0:00:26]} Qg6 {[%emt 0:06:49]} 28. Qb8+ {[%emt 0:00:38]} Kg7 {[%emt 0:00:11]} 29. Kxd2 {[%emt 0:00:07]} Qxb1 {[%emt 0:00:05]} 30. Qe5 {[%emt 0:04:06]} Qxb2+ {[%emt 0:00:53]} 31. Nc2 {[%emt 0:00:56]} Kg6 {[%emt 0:00:13]} 32. f3 {[%emt 0:00:17]} Qb1 {[%emt 0:01:34]} 33. a4 {[%emt 0:02:35]} a5 {[%emt 0:00:21]} 34. Ne3 {[%emt 0:00:54]} b5 {[%emt 0:01:28]} 35. Nxg4 {[%emt 0:00:51]} Nxg4 {[%emt 0:00:36]} 36. fxg4 {[%emt 0:00:00]} Qe4 {[%emt 0:01:14]} 37. Qh5+ {[%emt 0:00:20]} Kg7 {[%emt 0:00:14]} 38. axb5 {[%emt 0:00:18]} cxb5 39. Qg5+ {[%emt 0:00:08]} Kh7 {[%emt 0:01:20]} 40. Qh5+ {[%emt 0:00:08]} Kg7 {[%emt 0:00:27]} 41. Qg5+ {[%emt 0:30:03]} Kh7 {[%emt 0:04:27]} 42. Qh5+ {[%emt 0:00:00]} Kg8 {[%emt 0:02:22]} 43. Qg5+ {[%emt 0:00:00]} Kf8 {[%emt 0:02:04]} 44. Qd8+ {[%emt 0:00:00]} Kg7 {[%emt 0:00:47]} 45. Qg5+ {[%emt 0:00:00]} Kh7 {[%emt 0:01:44]} 46. Qh5+ {[%emt 0:00:00]} Kg8 {[%emt 0:00:14]} 47. Qg5+ {[%emt 0:00:00]} Kh8 {[%emt 0:02:07]} 48. Qh6+ {[%emt 0:00:00]} Kg8 {[%emt 0:00:38]} 49. Qg5+ {[%emt 0:00:00]} Kf8 {[%emt 0:00:16]} 50. Qd8+ {[%emt 0:00:00]} Kg7 {[%emt 0:00:06]} 51. Qg5+ {[%emt 0:00:00]} 1/2-1/2

[Event "SWE-ch 2018"]
[Site "Ronneby"]
[Date "2018.07.07"]
[Round "8"]
[White "Grandelius, Nils"]
[Black "Cramling, Pia"]
[Result "1/2-1/2"]
[WhiteElo "2668"]
[BlackElo "2452"]
[Annotator "ChessBase"]
[PlyCount "97"]
[EventDate "2018.06.30"]
[EventType "tourn"]
[EventCountry "SWE"]
[SourceTitle "playchess.com"]
[Source "ChessBase"]
[SourceQuality "1"]
[TimeControl "40/5400+30:1800+30"]

1. e4 {[%emt 0:00:00]} e5 {[%emt 0:00:00]} 2. Nf3 {[%emt 0:00:09]} Nc6 {[%emt 0:00:00]} 3. Bb5 {[%emt 0:00:55]} a6 {[%emt 0:00:01]} 4. Ba4 {[%emt 0:00:06]} Nf6 {[%emt 0:00:13]} 5. O-O {[%emt 0:00:10]} Nxe4 {[%emt 0:00:19]} 6. d4 {[%emt 0:00:27]} b5 {[%emt 0:00:10]} 7. Bb3 {[%emt 0:00:05]} d5 {[%emt 0:00:10]} 8. dxe5 {[%emt 0:00:11]} Be6 {[%emt 0:00:08]} 9. c3 {[%emt 0:02:58]} Be7 {[%emt 0:00:29]} 10. Nbd2 {[%emt 0:02:53]} O-O {[%emt 0:00:35]} 11. Re1 {[%emt 0:00:23]} Nxd2 {[%emt 0:14:53]} 12. Bxd2 {[%emt 0:01:36]} Qd7 {[%emt 0:04:30]} 13. a4 {[%emt 0:14:01]} Na5 {[%emt 0:07:01]} 14. Bc2 {[%emt 0:00:25]} c5 {[%emt 0:01:20]} 15. Bg5 {[%emt 0:11:36]} g6 {[%emt 0:07:44]} 16. Qc1 {[%emt 0:08:06]} Rfe8 {[%emt 0:12:42]} 17. Qf4 {[%emt 0:06:30]} Nc6 {[%emt 0:00:58]} 18. Bf6 {[%emt 0:02:43]} Bf8 {[%emt 0:02:24]} 19. Ng5 {[%emt 0:01:37]} h6 {[%emt 0:03:07]} 20. Nxe6 {[%emt 0:03:27]} Qxe6 {[%emt 0:00:15]} 21. Bd1 {[%emt 0:11:35]} g5 {[%emt 0:11:22]} 22. Qd2 {[%emt 0:00:46]} Bg7 {[%emt 0:05:31]} 23. Bf3 {[%emt 0:01:42]} Nxe5 {[%emt 0:07:04]} 24. Bxe5 {[%emt 0:01:15]} Bxe5 {[%emt 0:00:15]} 25. Qxd5 {[%emt 0:05:07]} Qxd5 {[%emt 0:05:05]} 26. Bxd5 {[%emt 0:00:02]} Rab8 {[%emt 0:00:18]} 27. Re3 {[%emt 0:08:35]} Bf4 {[%emt 0:03:46]} 28. Rxe8+ {[%emt 0:01:32]} Rxe8 {[%emt 0:00:02]} 29. g3 {[%emt 0:00:28]} Bd6 {[%emt 0:00:45]} 30. axb5 {[%emt 0:05:50]} axb5 {[%emt 0:00:04]} 31. Ra6 {[%emt 0:01:18]} Rd8 {[%emt 0:08:57]} 32. Ra7 {[%emt 0:00:10]} Be7 {[%emt 0:00:24]} 33. Bc6 {[%emt 0:01:21]} Kf8 {[%emt 0:00:25]} 34. Bxb5 {[%emt 0:01:53]} Rb8 {[%emt 0:00:05]} 35. c4 {[%emt 0:00:47]} Bf6 {[%emt 0:01:17]} 36. b3 {[%emt 0:01:25]} Rb6 {[%emt 0:01:47]} 37. Kg2 {[%emt 0:05:35]} Bd4 {[%emt 0:01:41]} 38. Ra2 {[%emt 0:00:22]} Ke7 {[%emt 0:00:56]} 39. f4 {[%emt 0:00:46]} gxf4 {[%emt 0:00:33]} 40. gxf4 {[%emt 0:00:02]} Re6 {[%emt 0:00:42]} 41. Ra7+ {[%emt 0:06:29]} Kf6 {[%emt 0:01:37]} 42. Bd7 {[%emt 0:05:43]} Re2+ {[%emt 0:06:16]} 43. Kf3 {[%emt 0:00:14]} Re7 {[%emt 0:00:33]} 44. Ra6+ {[%emt 0:02:12]} Kg7 {[%emt 0:00:05]} 45. Ba4 {[%emt 0:02:41]} f5 {[%emt 0:04:18]} 46. Rd6 {[%emt 0:03:32]} Re3+ {[%emt 0:00:22]} 47. Kg2 {[%emt 0:00:03]} Re2+ {[%emt 0:00:12]} 48. Kg3 {[%emt 0:00:06]} Re3+ {[%emt 0:00:08]} 49. Kg2 {[%emt 0:00:04]} 1/2-1/2

[Event "SWE-ch 2018"]
[Site "Ronneby"]
[Date "2018.07.07"]
[Round "8"]
[White "Westerberg, Jonathan"]
[Black "Hillarp Persson, Tiger"]
[Result "0-1"]
[WhiteElo "2517"]
[BlackElo "2534"]
[Annotator "ChessBase"]
[PlyCount "116"]
[EventDate "2018.06.30"]
[EventType "tourn"]
[EventCountry "SWE"]
[SourceTitle "playchess.com"]
[Source "ChessBase"]
[SourceQuality "1"]
[TimeControl "40/5400+30:1800+30"]

1. d4 {[%emt 0:00:00]} g6 {[%emt 0:01:38]} 2. e4 {[%emt 0:00:02]} Bg7 {[%emt 0:00:07]} 3. Nf3 {[%emt 0:00:06]} d6 {[%emt 0:00:05]} 4. Bd3 {[%emt 0:01:49]} Nd7 {[%emt 0:01:14]} 5. O-O {[%emt 0:01:43]} e5 {[%emt 0:00:06]} 6. dxe5 {[%emt 0:03:01]} dxe5 {[%emt 0:00:31]} 7. Re1 {[%emt 0:07:52]} Nh6 {[%emt 0:22:11]} 8. Bc4 {[%emt 0:03:06]} f6 {[%emt 0:01:39]} 9. b3 {[%emt 0:06:06]} Nb6 {[%emt 0:05:55]} 10. Qxd8+ {[%emt 0:03:24]} Kxd8 {[%emt 0:00:11]} 11. Bf1 {[%emt 0:00:24]} Be6 {[%emt 0:06:35]} 12. a4 {[%emt 0:00:26]} a5 {[%emt 0:00:07]} 13. Be3 {[%emt 0:04:30]} Nd7 {[%emt 0:01:20]} 14. Na3 {[%emt 0:03:10]} Ke7 {[%emt 0:16:49]} 15. Bc4 {[%emt 0:03:49]} Rhd8 {[%emt 0:05:09]} 16. Bxe6 {[%emt 0:03:01]} Kxe6 {[%emt 0:00:11]} 17. Nb5 {[%emt 0:01:44]} Rdc8 {[%emt 0:08:05]} 18. Red1 {[%emt 0:11:13]} Nf7 {[%emt 0:01:07]} 19. Nd2 {[%emt 0:00:43]} c6 {[%emt 0:00:49]} 20. Na3 {[%emt 0:00:37]} Bf8 {[%emt 0:07:26]} 21. Ndc4 {[%emt 0:05:53]} Rd8 {[%emt 0:00:49]} 22. f3 {[%emt 0:00:54]} Bb4 {[%emt 0:05:13]} 23. Kf1 {[%emt 0:02:14]} f5 {[%emt 0:00:45]} 24. Rxd7 {[%emt 0:13:02]} Rxd7 {[%emt 0:00:10]} 25. Nb6 {[%emt 0:00:07]} Rad8 {[%emt 0:07:26]} 26. Nxd7 {[%emt 0:02:27]} Rxd7 {[%emt 0:00:09]} 27. exf5+ {[%emt 0:01:12]} gxf5 {[%emt 0:00:16]} 28. Ke2 {[%emt 0:01:36]} f4 {[%emt 0:01:36]} 29. Bc1 {[%emt 0:00:49]} Nd6 {[%emt 0:00:18]} 30. Nb1 {[%emt 0:01:33]} Nf5 {[%emt 0:01:06]} 31. c3 {[%emt 0:00:37]} Bc5 {[%emt 0:00:54]} 32. Ra2 {[%emt 0:06:18]} Bg1 {[%emt 0:00:58]} 33. h3 {[%emt 0:01:16]} Ba7 {[%emt 0:03:48]} 34. Na3 {[%emt 0:01:33]} Nh4 {[%emt 0:00:52]} 35. Nc4 {[%emt 0:03:29]} Nxg2 {[%emt 0:01:16]} 36. Nxa5 {[%emt 0:00:26]} Nh4 {[%emt 0:00:16]} 37. Rd2 {[%emt 0:02:16]} Rg7 {[%emt 0:00:19]} 38. Rd8 {[%emt 0:00:59]} Rg2+ {[%emt 0:00:23]} 39. Kd3 {[%emt 0:01:59]} Nxf3 {[%emt 0:00:14]} 40. Nxb7 {[%emt 0:00:33]} Ng5 {[%emt 0:00:43]} 41. Re8+ {[%emt 0:07:45]} Kf6 {[%emt 0:00:25]} 42. Rf8+ {[%emt 0:10:01]} Kg7 {[%emt 0:02:08]} 43. Ra8 {[%emt 0:02:52]} e4+ {[%emt 0:00:22]} 44. Kc4 {[%emt 0:01:33]} Be3 {[%emt 0:00:08]} 45. Ba3 {[%emt 0:02:41]} Nf7 {[%emt 0:04:49]} 46. Bf8+ {[%emt 0:09:53]} Kf6 {[%emt 0:03:04]} 47. Nd6 {[%emt 0:00:20]} Nxd6+ {[%emt 0:04:52]} 48. Bxd6 {[%emt 0:00:04]} f3 {[%emt 0:00:43]} 49. Rf8+ {[%emt 0:01:14]} Kg7 {[%emt 0:10:44]} 50. Rf5 {[%emt 0:00:53]} Kg6 {[%emt 0:00:12]} 51. Rf8 {[%emt 0:01:28]} Bh6 {[%emt 0:00:44]} 52. Rg8+ {[%emt 0:00:18]} Kf5 {[%emt 0:01:30]} 53. Rxg2 {[%emt 0:00:27]} fxg2 {[%emt 0:00:08]} 54. Bh2 {[%emt 0:00:04]} Be3 {[%emt 0:00:13]} 55. a5 {[%emt 0:00:09]} g1=Q {[%emt 0:00:26]} 56. Bxg1 {[%emt 0:00:02]} Bxg1 {[%emt 0:00:11]} 57. a6 {[%emt 0:00:10]} Kf4 {[%emt 0:00:43]} 58. b4 {[%emt 0:00:03]} Ba7 {[%emt 0:00:09] Kd4 Ke5+} 0-1

[Event "SWE-ch 2018"]
[Site "Ronneby"]
[Date "2018.07.07"]
[Round "8"]
[White "Tikkanen, Hans"]
[Black "Blomqvist, Erik"]
[Result "1-0"]
[WhiteElo "2495"]
[BlackElo "2505"]
[Annotator "ChessBase"]
[PlyCount "107"]
[EventDate "2018.06.30"]
[EventType "tourn"]
[EventCountry "SWE"]
[SourceTitle "playchess.com"]
[Source "ChessBase"]
[SourceQuality "1"]
[TimeControl "40/5400+30:1800+30"]

1. d4 {[%emt 0:00:00]} d5 {[%emt 0:00:00]} 2. Bf4 {[%emt 0:00:00]} Nf6 {[%emt 0:00:00]} 3. e3 {[%emt 0:00:44]} c5 {[%emt 0:00:00]} 4. c3 {[%emt 0:02:03]} Nc6 {[%emt 0:00:24]} 5. Nd2 {[%emt 0:00:11]} Bg4 {[%emt 0:00:41]} 6. Ngf3 {[%emt 0:01:06]} e6 {[%emt 0:00:32]} 7. Qb3 {[%emt 0:00:20]} Qc8 {[%emt 0:00:32]} 8. Nh4 {[%emt 0:00:27]} Bh5 {[%emt 0:01:32]} 9. h3 {[%emt 0:00:13]} Qd7 {[%emt 0:03:42]} 10. g4 {[%emt 0:05:22]} Bg6 {[%emt 0:00:26]} 11. dxc5 {[%emt 0:00:16]} Bxc5 {[%emt 0:04:53]} 12. O-O-O {[%emt 0:00:59]} O-O-O {[%emt 0:02:21]} 13. Nxg6 {[%emt 0:02:46]} hxg6 {[%emt 0:00:06]} 14. g5 {[%emt 0:00:05]} Ne8 {[%emt 0:06:18]} 15. c4 {[%emt 0:01:34]} Bd6 {[%emt 0:04:04]} 16. cxd5 {[%emt 0:11:23]} exd5 {[%emt 0:08:48]} 17. Qxd5 {[%emt 0:22:53]} Bxf4 {[%emt 0:01:28]} 18. Qxd7+ {[%emt 0:00:04]} Rxd7 {[%emt 0:00:30]} 19. exf4 {[%emt 0:00:02]} Rd4 {[%emt 0:02:31]} 20. Bg2 {[%emt 0:09:10]} Rxf4 {[%emt 0:11:46]} 21. Ne4 {[%emt 0:05:10]} f5 {[%emt 0:01:55]} 22. gxf6 {[%emt 0:11:38]} gxf6 {[%emt 0:06:09]} 23. Rd2 {[%emt 0:02:02]} Rh5 {[%emt 0:07:27]} 24. Rhd1 {[%emt 0:02:58]} Re5 {[%emt 0:02:26]} 25. Nc3 {[%emt 0:01:12]} Nc7 {[%emt 0:01:26]} 26. a3 {[%emt 0:02:39]} a5 {[%emt 0:11:44]} 27. Kb1 {[%emt 0:01:32]} Re7 {[%emt 0:03:09]} 28. Ka2 {[%emt 0:02:50]} Kb8 {[%emt 0:01:57]} 29. Rd6 {[%emt 0:09:33]} Ne8 {[%emt 0:16:50]} 30. R6d2 {[%emt 0:03:22]} Nc7 {[%emt 0:00:02]} 31. Bh1 {[%emt 0:00:07]} Ne5 {[%emt 0:00:23]} 32. Rd8+ {[%emt 0:01:32]} Ka7 {[%emt 0:00:04]} 33. R1d2 {[%emt 0:00:24]} Rh7 {[%emt 0:00:54]} 34. Bg2 {[%emt 0:01:20]} g5 {[%emt 0:01:20]} 35. Rc8 {[%emt 0:00:39]} Nc4 {[%emt 0:00:33]} 36. Rc2 {[%emt 0:00:26]} Nd6 {[%emt 0:00:12]} 37. Rd8 {[%emt 0:00:24]} Ndb5 {[%emt 0:00:33]} 38. Nxb5+ {[%emt 0:00:58]} Nxb5 {[%emt 0:00:04]} 39. Rc5 {[%emt 0:00:34]} Rxf2 {[%emt 0:01:12]} 40. Be4 {[%emt 0:00:25]} Re7 {[%emt 0:00:31]} 41. Rxb5 {[%emt 0:15:20]} Rxe4 {[%emt 0:00:06]} 42. Rd7 {[%emt 0:00:10]} a4 {[%emt 0:07:22]} 43. Rdxb7+ {[%emt 0:06:39]} Ka6 {[%emt 0:01:03]} 44. R5b6+ {[%emt 0:02:20]} Ka5 {[%emt 0:00:04]} 45. Rb5+ {[%emt 0:00:06]} Ka6 {[%emt 0:00:02]} 46. R5b6+ {[%emt 0:00:03]} Ka5 {[%emt 0:00:03]} 47. Rd6 {[%emt 0:00:39]} Rf1 {[%emt 0:08:02]} 48. Rb8 {[%emt 0:06:26]} Rf3 {[%emt 0:04:54]} 49. Rd7 {[%emt 0:00:39]} Ka6 {[%emt 0:00:41]} 50. Rd6+ {[%emt 0:00:08]} Ka5 {[%emt 0:00:41]} 51. Rbb6 {[%emt 0:02:04]} Rxh3 {[%emt 0:04:37]} 52. Rxf6 {[%emt 0:00:48]} Rf3 {[%emt 0:03:49]} 53. Ra6+ {[%emt 0:00:31]} Kb5 {[%emt 0:00:03]} 54. Rxa4 {[%emt 0:00:50]} 1-0